[Event "Koege Lang Sommer Weekend 2020"]
[Site "Koge"]
[Date "2020.07.22"]
[Round "1"]
[White "Hoi, Carsten"]
[Black "Olsson, Rasmus"]
[Result "1-0"]
[WhiteElo "2335"]
[BlackElo "1736"]
[EventDate "2020.07.??"]
[EventType "swiss"]
[EventRounds "7"]
[EventCountry "DEN"]

1. d4 Nf6 2. c4 c5 3. e3 cxd4 4. exd4 d5 5. Nc3 Bf5 6. Qb3 Nc6 7. cxd5 Na5 8.
Qa4+ Bd7 9. Qd1 e6 10. dxe6 Bxe6 11. Bb5+ Nc6 12. Nf3 Be7 13. Ne5 Rc8 14. O-O
O-O 15. Bxc6 bxc6 16. Be3 Qc7 17. Rc1 Rfd8 18. Qf3 c5 19. Ne4 Bd5 20. Nxf6+
Bxf6 21. Qg3 Qb7 22. Ng4 Bxd4 23. Bxd4 cxd4 24. Nh6+ Kh8 25. Nf5 f6 26. Rxc8
Rxc8 27. Nd6 Qc6 28. Nxc8 Qxc8 29. Qd6 1-0

[Event "Koege Lang Sommer Weekend 2020"]
[Site "Koge"]
[Date "2020.07.22"]
[Round "1"]
[White "Nielsen, Angelo"]
[Black "Nilsson, Anders"]
[Result "0-1"]
[WhiteElo "1717"]
[BlackElo "2227"]
[EventDate "2020.07.??"]
[EventType "swiss"]
[EventRounds "7"]
[EventCountry "DEN"]

1. d4 Nf6 2. Nf3 e6 3. Bg5 d5 4. Nbd2 h6 5. Bf4 c5 6. e3 Qb6 7. Rb1 Nc6 8. c3
Nh5 9. Bg3 Nxg3 10. hxg3 Be7 11. g4 Bd7 12. g5 O-O-O 13. gxh6 Rxh6 14. Rxh6
gxh6 15. Qb3 Qc7 16. Rc1 Kb8 17. Qc2 f5 18. a3 Bd6 19. c4 cxd4 20. exd4 Re8 21.
Kd1 e5 22. cxd5 Nxd4 23. Nxd4 exd4 24. Qxc7+ Bxc7 25. Be2 Ba5 26. b3 f4 27. Bd3
Bc3 28. Kc2 Rc8 29. Kd1 Rg8 30. Be4 Re8 31. Bf3 Bf5 32. a4 Kc7 33. Be2 Rg8 34.
Bf3 Re8 35. Be2 Kd6 36. Bc4 Bg4+ 37. f3 Bh5 38. Ne4+ Rxe4 0-1

[Event "Koege Lang Sommer Weekend 2020"]
[Site "Koge"]
[Date "2020.07.22"]
[Round "1"]
[White "Pedersen, Henrik Dahl"]
[Black "Petersen, Rasmus"]
[Result "1-0"]
[WhiteElo "2225"]
[BlackElo "1689"]
[EventDate "2020.07.??"]
[EventType "swiss"]
[EventRounds "7"]
[EventCountry "DEN"]

1. Nf3 d5 2. d4 Nf6 3. Bf4 c5 4. e3 Nc6 5. Bb5 a6 6. Bxc6+ bxc6 7. c4 e6 8. O-O
cxd4 9. exd4 Bd6 10. Bxd6 Qxd6 11. c5 Qc7 12. Nc3 O-O 13. Ne5 Nd7 14. f4 f6 15.
Nxd7 Bxd7 16. Qe2 Rfe8 17. Qf2 Re7 18. Rae1 Rae8 19. b4 Bc8 20. a4 e5 21. fxe5
fxe5 22. Rxe5 1-0

[Event "Koege Lang Sommer Weekend 2020"]
[Site "Koge"]
[Date "2020.07.22"]
[Round "1"]
[White "Haagen Larsen, Hans"]
[Black "Kistrup, Nicolai"]
[Result "0-1"]
[WhiteElo "1681"]
[BlackElo "2170"]
[EventDate "2020.07.??"]
[EventType "swiss"]
[EventRounds "7"]
[EventCountry "DEN"]

1. b4 e5 2. Bb2 Bxb4 3. Bxe5 Nf6 4. c4 O-O 5. Nf3 d5 6. cxd5 Nxd5 7. e3 Bf5 8.
Be2 c5 9. O-O Nc6 10. d4 Bxb1 11. a3 Nxe5 12. Nxe5 Nc3 13. Qe1 Ba5 14. Nc4 Bg6
15. Nxa5 Qxa5 16. dxc5 Rac8 17. Qd2 Rfd8 18. Qb2 Nxe2+ 0-1

[Event "Koege Lang Sommer Weekend 2020"]
[Site "Koge"]
[Date "2020.07.22"]
[Round "1"]
[White "Wahlund, Max"]
[Black "Pawlak, Wojciech Zbignew"]
[Result "1-0"]
[WhiteElo "2124"]
[BlackElo "1617"]
[EventDate "2020.07.??"]
[EventType "swiss"]
[EventRounds "7"]
[EventCountry "DEN"]

1. b3 Nf6 2. Bb2 d5 3. e3 Nc6 4. Nf3 Bg4 5. Bb5 a6 6. Bxc6+ bxc6 7. h3 Bxf3 8.
Qxf3 e6 9. d3 Bd6 10. Nd2 Qe7 11. O-O Ba3 12. Bxa3 Qxa3 13. Qg3 Qe7 14. Nf3 O-O
15. Ne5 Qd6 16. f4 Nh5 17. Qf3 g6 18. c4 f6 19. c5 Qe7 20. Nxc6 Qxc5 21. Rac1
Qd6 22. d4 a5 23. Rc5 Ra6 24. Rfc1 Rfa8 25. Qe2 Ng3 26. Qe1 Ne4 27. Rxa5 Rxa5
28. Nxa5 Qa3 29. b4 Qxa2 30. Rxc7 Qb2 31. Qh4 h5 32. Qe1 Rb8 33. Nc6 Ra8 34.
Ra7 Rxa7 35. Nxa7 Qa3 36. Nc6 Qa6 37. Na5 Qb5 38. Nb3 Kf7 39. Nc5 Nd6 40. Qa1
Qxb4 41. Qa7+ 1-0

[Event "Koege Lang Sommer Weekend 2020"]
[Site "Koge"]
[Date "2020.07.22"]
[Round "1"]
[White "Nielsen, Leo Kresten Roland"]
[Black "Eriksson, Christian Altenburg"]
[Result "0-1"]
[WhiteElo "1652"]
[BlackElo "2119"]
[EventDate "2020.07.??"]
[EventType "swiss"]
[EventRounds "7"]
[EventCountry "DEN"]

1. e4 c5 2. Bc4 Nc6 3. f4 g6 4. Nf3 Bg7 5. O-O e6 6. c3 d5 7. exd5 exd5 8. Bb5
Nge7 9. d4 cxd4 10. Nxd4 O-O 11. Be3 Qb6 12. Bxc6 Nxc6 13. Qd2 Re8 14. Na3 Nxd4
15. Bxd4 Bxd4+ 16. cxd4 Re4 17. Rfe1 Bf5 18. Rxe4 Bxe4 19. Rc1 Re8 20. Rc5 a6
21. b3 Qe6 22. Nc2 Qg4 23. h3 Qf5 24. g4 Qf6 25. Nb4 Qh4 26. Rc3 a5 27. Nxd5
Bxd5 28. Re3 Re6 29. Rxe6 Qg3+ 0-1

[Event "Koege Lang Sommer Weekend 2020"]
[Site "Koge"]
[Date "2020.07.22"]
[Round "1"]
[White "Gregor, Bjarke"]
[Black "Refsgaard, Kaj"]
[Result "1-0"]
[WhiteElo "2081"]
[BlackElo "1610"]
[EventDate "2020.07.??"]
[EventType "swiss"]
[EventRounds "7"]
[EventCountry "DEN"]

1. e4 c5 2. Nf3 Nc6 3. d4 cxd4 4. Nxd4 e6 5. Nc3 Qb6 6. Nb3 d6 7. Bf4 Be7 8.
Bxd6 Bxd6 9. Qxd6 Nge7 10. Qg3 O-O 11. O-O-O a5 12. a4 Nb4 13. Bb5 Nec6 14. Rd6
Qc7 15. Rhd1 e5 16. Bxc6 Nxc6 17. Nb5 Qe7 18. Nc5 Nd4 19. Nxd4 Qxd6 20. Nf5 Qf6
21. Rd6 Be6 22. Nd7 1-0

[Event "Koege Lang Sommer Weekend 2020"]
[Site "Koge"]
[Date "2020.07.22"]
[Round "1"]
[White "Kaergaard, Sissel"]
[Black "Molvig, Henrik"]
[Result "0-1"]
[WhiteElo "1638"]
[BlackElo "2075"]
[EventDate "2020.07.??"]
[EventType "swiss"]
[EventRounds "7"]
[EventCountry "DEN"]

1. d4 Nf6 2. c4 g6 3. Nf3 Bg7 4. Bg5 Ne4 5. Bf4 c5 6. e3 Qa5+ 7. Nbd2 Nxd2 8.
Qxd2 Qxd2+ 9. Nxd2 cxd4 10. exd4 Bxd4 11. Rb1 d6 12. Bd3 O-O 13. O-O Nc6 14. a3
Bg7 15. Nb3 b6 16. Be4 Bb7 17. Rfe1 Rfe8 18. Re2 Rad8 19. Rbe1 Rd7 20. h3 Nd8
21. Bd5 e6 22. Bxb7 Nxb7 23. Nc1 Rc8 24. b3 d5 25. Rd1 d4 26. Nd3 Nc5 27. Nxc5
Rxc5 28. Red2 e5 29. Be3 Rb7 30. Bg5 h6 31. Bh4 b5 32. cxb5 g5 33. Bg3 Rbxb5
34. b4 Rc4 35. f3 a5 36. Ra2 axb4 37. axb4 Rcxb4 38. Ra8+ Rb8 39. Ra5 Rb1 40.
Rxb1 Rxb1+ 41. Kf2 Rb2+ 42. Kf1 f6 43. Rd5 Kf7 44. h4 Ke6 45. Rd8 f5 46. hxg5
hxg5 47. Rg8 Bf6 48. Rg6 d3 49. Bf2 Rb1+ 0-1

[Event "Koege Lang Sommer Weekend 2020"]
[Site "Koge"]
[Date "2020.07.22"]
[Round "1"]
[White "Meskenas, Paulius"]
[Black "Mollasoltani, Aryan"]
[Result "1-0"]
[WhiteElo "2027"]
[BlackElo "1439"]
[EventDate "2020.07.??"]
[EventType "swiss"]
[EventRounds "7"]
[EventCountry "DEN"]

1. e4 g6 2. d4 d6 3. Nf3 Bg7 4. c4 Nd7 5. Be3 e5 6. Bg5 Ngf6 7. dxe5 dxe5 8.
Nc3 c6 9. Qd2 h6 10. Bh4 g5 11. Bg3 Nh5 12. O-O-O Qe7 13. h3 Nxg3 14. fxg3 Nc5
15. g4 Bd7 16. Be2 O-O-O 17. Qe3 Kb8 18. Kb1 Ne6 19. Nd2 Bc8 20. Nb3 Nd4 21.
Bd3 Qb4 22. Nc1 Be6 23. Bf1 Qb6 24. a3 Qa6 25. N1a2 Bf8 26. Qg3 f6 27. Nd5 cxd5
28. exd5 Bf7 29. Rxd4 Bg6+ 30. Ka1 Bc5 31. Rd2 Ka8 32. Qb3 Qa5 33. Qc3 Qb6 34.
Bd3 e4 35. Bb1 e3 36. Re2 Bxb1 37. Kxb1 Rhe8 38. Rf1 Bd4 39. Qd3 Bc5 40. Nc3
Bd6 41. Rxf6 1-0

[Event "Koege Lang Sommer Weekend 2020"]
[Site "Koge"]
[Date "2020.07.22"]
[Round "1"]
[White "Gade, Jens"]
[Black "Svendsen, Mads O"]
[Result "0-1"]
[WhiteElo "1502"]
[BlackElo "1987"]
[EventDate "2020.07.??"]
[EventType "swiss"]
[EventRounds "7"]
[EventCountry "DEN"]

1. d4 d5 2. c4 e6 3. e3 Nf6 4. Nf3 c6 5. Be2 Nbd7 6. O-O Bd6 7. Nc3 O-O 8. cxd5
exd5 9. a3 Ne4 10. Nxe4 dxe4 11. Nd2 f5 12. Nc4 Bc7 13. d5 cxd5 14. Qxd5+ Kh8
15. Rd1 Qf6 16. f4 exf3 17. Qxf3 Ne5 18. Nxe5 Qxe5 19. g3 Be6 20. Bd2 Bb6 21.
Bc3 Qxe3+ 22. Qxe3 Bxe3+ 23. Kf1 f4 24. Kg2 fxg3 25. hxg3 Rf2+ 0-1

[Event "Koege Lang Sommer Weekend 2020"]
[Site "Koge"]
[Date "2020.07.22"]
[Round "1"]
[White "Molvig, Julius"]
[Black "Dymov, Evgenii"]
[Result "1/2-1/2"]
[WhiteElo "1955"]
[BlackElo "1336"]
[EventDate "2020.07.??"]
[EventType "swiss"]
[EventRounds "7"]
[EventCountry "DEN"]

1. d4 f5 2. g3 Nf6 3. Bg2 g6 4. c4 Bg7 5. Nc3 d6 6. e4 fxe4 7. Nxe4 Nxe4 8.
Bxe4 O-O 9. Ne2 Nc6 10. Be3 Bh3 11. Nf4 Rxf4 12. gxf4 e6 13. Qf3 Bf5 14. Bxf5
exf5 15. Rd1 Qe7 16. Kf1 Qf7 17. d5 Nb4 18. Bd2 c5 19. Bxb4 cxb4 20. Qb3 a5 21.
a3 bxa3 22. Qxa3 Qc7 23. b3 b5 24. Kg2 b4 25. Qa4 Bc3 26. Rd3 g5 27. fxg5 Be5
28. Qc6 Qd8 29. Re1 Rc8 30. Qa6 Ra8 31. Qb7 Rb8 32. Qa7 Ra8 33. Qe3 f4 34. Qf3
Qxg5+ 35. Kh1 Kh8 36. Rg1 Qf5 37. c5 dxc5 38. d6 Rd8 39. d7 Bd4 40. Qe2 Qxd7
41. Qe4 Qd5 42. Qxd5 Rxd5 43. Kg2 Rg5+ 44. Kf1 Rxg1+ 45. Kxg1 Kg7 46. Kg2 Kg6
47. Kf3 Kf5 48. Rd2 h5 49. Ra2 Kg5 50. Rxa5 Kh4 51. Kxf4 Bxf2 52. Ra2 Bd4 53.
Rc2 Bc3 54. Re2 Bd4 55. Kf5 Kh3 56. Kg5 h4 57. Rc2 1/2-1/2

[Event "Koege Lang Sommer Weekend 2020"]
[Site "Koge"]
[Date "2020.07.22"]
[Round "1"]
[White "Petersen, Daniel"]
[Black "Steenstrup, Svend"]
[Result "1-0"]
[WhiteElo "1618"]
[BlackElo "1903"]
[EventDate "2020.07.??"]
[EventType "swiss"]
[EventRounds "7"]
[EventCountry "DEN"]

1. d4 d5 2. c4 e6 3. Nc3 c6 4. cxd5 exd5 5. Nf3 Bd6 6. Bg5 Ne7 7. e3 b5 8. Bd3
Bg4 9. h3 Bh5 10. a3 Nd7 11. O-O a5 12. Rc1 b4 13. Na4 f6 14. Bf4 Qb8 15. Bxd6
Qxd6 16. Nc5 O-O 17. Be2 Nb6 18. Qb3 Rfb8 19. axb4 axb4 20. Ra1 Nc4 21. Rxa8
Rxa8 22. Qxb4 Rb8 23. Qc3 Bxf3 24. Bxf3 Rxb2 25. e4 Ra2 26. exd5 Nd2 27. dxc6
Nxc6 28. Bxc6 Qxc6 29. Rd1 Qa8 30. Rxd2 Ra1+ 31. Kh2 Qb8+ 32. Qg3 Qe8 33. Rb2
Qe1 34. Rb8+ Kf7 35. Rb7+ 1-0

[Event "Koege Lang Sommer Weekend 2020"]
[Site "Koge"]
[Date "2020.07.22"]
[Round "1"]
[White "Andersen, Rune Egede"]
[Black "Meskenas, Vaidas"]
[Result "1-0"]
[WhiteElo "2003"]
[BlackElo "1297"]
[EventDate "2020.07.??"]
[EventType "swiss"]
[EventRounds "7"]
[EventCountry "DEN"]

1. Nf3 Nc6 2. d4 d5 3. g3 Bg4 4. Bg2 Nf6 5. O-O e6 6. c4 Bb4 7. c5 O-O 8. a3
Ba5 9. b4 Bxb4 10. axb4 Nxb4 11. Ne5 Nc6 12. Bg5 h6 13. Bxf6 Qxf6 14. Nxg4 Qxd4
15. Qxd4 Nxd4 16. Ra2 c6 17. Nc3 Nb3 18. Na4 b5 19. cxb6 axb6 20. Rb1 Nc5 21.
Nc3 Rxa2 22. Nxa2 Rb8 23. Nb4 Rc8 24. Ne5 Kf8 25. Nexc6 Na6 26. Nxa6 Rxc6 27.
e4 b5 28. Nb4 Rc5 29. exd5 exd5 30. Nxd5 1-0

[Event "Koege Lang Sommer Weekend 2020"]
[Site "Koge"]
[Date "2020.07.22"]
[Round "1"]
[White "Moller, Arne Vagn"]
[Black "Koch Mueller, Jesper"]
[Result "1-0"]
[WhiteElo "1893"]
[BlackElo "1164"]
[EventDate "2020.07.??"]
[EventType "swiss"]
[EventRounds "7"]
[EventCountry "DEN"]

1. e4 e5 2. Nf3 d6 3. d4 Nf6 4. dxe5 Nxe4 5. Qd5 Nc5 6. Be3 Be6 7. Qd1 Be7 8.
Be2 O-O 9. Nc3 d5 10. O-O c6 11. Nd4 f6 12. Nxe6 Nxe6 13. f4 fxe5 14. fxe5 d4
15. Bc4 Qd7 16. Qg4 Kh8 17. Bxe6 Qd8 18. Bxd4 c5 19. Be3 Nc6 20. Rxf8+ Bxf8 21.
Qf4 Qc7 22. Rf1 Be7 23. Nd5 Re8 24. Nxc7 1-0

[Event "Koege Lang Sommer Weekend 2020"]
[Site "Koge"]
[Date "2020.07.22"]
[Round "1"]
[White "Derlich, Sarah Sima"]
[Black "Koch Mueller, Oscar"]
[Result "0-1"]
[WhiteElo "1054"]
[BlackElo "1939"]
[EventDate "2020.07.??"]
[EventType "swiss"]
[EventRounds "7"]
[EventCountry "DEN"]

1. e4 e6 2. d4 d5 3. exd5 exd5 4. Nf3 Bd6 5. Be3 Bg4 6. h3 Bh5 7. Nc3 Nf6 8.
Bg5 Qe7+ 9. Qe2 Bxf3 10. gxf3 Nbd7 11. O-O-O Qxe2 12. Bxe2 c6 13. Rhg1 O-O 14.
h4 Rfe8 15. f4 Ne4 16. Nxe4 dxe4 17. h5 Kh8 18. Rde1 h6 19. Bh4 Bxf4+ 20. Kb1
f5 21. Bc4 Nb6 22. Bf7 Rf8 23. Be6 Rae8 24. Bb3 Nd5 25. Rg2 e3 26. fxe3 Bxe3
27. Rge2 f4 28. Bxd5 cxd5 29. Bf2 Re4 30. Bxe3 fxe3 31. b3 Rf3 32. c3 g5 33.
hxg6 h5 34. Rg1 h4 35. g7+ Kg8 36. a4 h3 37. b4 Ref4 38. Kc2 Rf1 39. Rg5 R4f2
40. Rxf2 exf2 41. Rxd5 Rc1+ 42. Kxc1 f1=Q+ 43. Kb2 Qg2+ 44. Ka3 Qxd5 45. a5 h2
46. b5 h1=Q 47. b6 Qb1 48. Ka4 Qda2# 0-1

[Event "Koege Lang Sommer Weekend 2020"]
[Site "Koge"]
[Date "2020.07.22"]
[Round "1"]
[White "Leonhardsen, Vebjorn Maanum"]
[Black "Li, Anna Sofie"]
[Result "1-0"]
[WhiteElo "1836"]
[BlackElo "1043"]
[EventDate "2020.07.??"]
[EventType "swiss"]
[EventRounds "7"]
[EventCountry "DEN"]

1. d4 d5 2. c4 dxc4 3. e3 Nf6 4. Bxc4 b6 5. Qf3 c6 6. Ne2 e6 7. O-O Bd6 8. e4
e5 9. dxe5 Bxe5 10. Nbc3 O-O 11. Rd1 Bd6 12. e5 b5 13. Bb3 b4 14. Ne4 Bg4 15.
Nxf6+ gxf6 16. Qxg4+ Kh8 17. Rxd6 Qe7 18. Be3 fxe5 19. Rad1 Rg8 20. Qe4 Na6 21.
Rd7 Qf8 22. Rxf7 Qe8 23. Qxh7# 1-0

[Event "Koege Lang Sommer Weekend 2020"]
[Site "Koge"]
[Date "2020.07.22"]
[Round "1"]
[White "Petersen, Erling Hoff"]
[Black "Loveid, Erik"]
[Result "0-1"]
[WhiteElo "1000"]
[BlackElo "1844"]
[EventDate "2020.07.??"]
[EventType "swiss"]
[EventRounds "7"]
[EventCountry "DEN"]

1. d4 Nf6 2. Nc3 d5 3. Bg5 Bf5 4. e3 Nbd7 5. Nf3 e6 6. Bb5 c6 7. Ba4 Bb4 8. O-O
Qa5 9. Bxc6 bxc6 10. Qd2 Bxc3 11. bxc3 Ne4 12. Qe1 Nxg5 13. Nxg5 Rb8 14. Qd2
O-O 15. Rfe1 h6 16. Nf3 Rb2 17. c4 Qxd2 18. Nxd2 Rxc2 19. Red1 Rb8 20. c5 Rbb2
21. Nf3 Rxf2 22. Ne1 Nf6 23. a3 Ng4 24. Rdb1 Rxb1 0-1

[Event "Koege Lang Sommer Weekend 2020"]
[Site "Koge"]
[Date "2020.07.22"]
[Round "1"]
[White "Saravana, Vedant Kumar"]
[Black "Molvig, Alfred"]
[Result "1-0"]
[WhiteElo "1718"]
[BlackElo "1000"]
[EventDate "2020.07.??"]
[EventType "swiss"]
[EventRounds "7"]
[EventCountry "DEN"]

1. e4 c5 2. Nf3 d6 3. d4 cxd4 4. Nxd4 e5 5. Bb5+ Bd7 6. Bxd7+ Nxd7 7. Nf5 g6 8.
Nxd6+ Bxd6 9. Qxd6 Qb6 10. Qxb6 Nxb6 11. Nc3 Nf6 12. Bg5 Nbd7 13. f3 O-O 14.
Rd1 Rfd8 15. Rd6 Ne8 16. Rd2 Nef6 17. Ke2 Rdc8 18. Rhd1 Rc7 19. Rd6 Kg7 20.
Bxf6+ Nxf6 21. Rxf6 Kxf6 22. Nd5+ Kg7 23. Nxc7 Rc8 24. Rd7 Rb8 25. Ne6+ Kf6 26.
Nd8 Rxd8 27. Rxd8 Ke7 28. Rb8 Kd6 29. Rxb7 a5 30. Kd3 Kc6 31. Rxf7 1-0

[Event "Koege Lang Sommer Weekend 2020"]
[Site "Koge"]
[Date "2020.07.22"]
[Round "1"]
[White "Petersen, Pernille Nakskov"]
[Black "Jarlskov, Daniel Tuk Hartso"]
[Result "0-1"]
[WhiteElo "1000"]
[BlackElo "1770"]
[EventDate "2020.07.??"]
[EventType "swiss"]
[EventRounds "7"]
[EventCountry "DEN"]

1. e4 e5 2. Nf3 Nc6 3. Nc3 Bc5 4. d4 exd4 5. Bg5 f6 6. Bh4 dxc3 7. bxc3 Nge7 8.
Bc4 d6 9. O-O Bg4 10. h3 Bxf3 11. Qxf3 Ne5 12. Qd3 Nxd3 13. Bxd3 g5 14. Bg3 h5
15. h4 Ng6 16. e5 Nxe5 17. Rae1 Qe7 18. Bb5+ c6 19. Ba4 O-O-O 20. Bb3 Qg7 21.
Be6+ Kc7 22. Re2 Rde8 23. Bf5 Reg8 24. Rfe1 gxh4 25. Kf1 hxg3 26. Re4 gxf2 27.
Ke2 fxe1=Q+ 28. Kxe1 Qxg2 29. Kd1 Qf1+ 30. Re1 Qf3+ 31. Kc1 Ba3+ 32. Kd2 Nc4#
0-1

[Event "Koege Lang Sommer Weekend 2020"]
[Site "Koge"]
[Date "2020.07.22"]
[Round "1"]
[White "Winther Jorgensen, Niclas Alexander"]
[Black "Noori, Yusuf"]
[Result "1-0"]
[WhiteElo "1778"]
[BlackElo "1000"]
[EventDate "2020.07.??"]
[EventType "swiss"]
[EventRounds "7"]
[EventCountry "DEN"]

1. e4 c5 2. Nc3 Nc6 3. Bb5 g6 4. Nge2 Bg7 5. d3 e6 6. Be3 Nd4 7. Bc4 Ne7 8. Bg5
O-O 9. O-O a6 10. a4 b6 11. Re1 Bb7 12. Qd2 Re8 13. Nxd4 Bxd4 14. e5 Qc7 15.
Bf6 h5 16. Qh6 1-0

[Event "Koege Lang Sommer Weekend 2020"]
[Site "Koge"]
[Date "2020.07.22"]
[Round "1"]
[White "Brintlev, Isak Babi"]
[Black "Keinicke, Mads"]
[Result "0-1"]
[WhiteElo "1116"]
[BlackElo "1877"]
[EventDate "2020.07.??"]
[EventType "swiss"]
[EventRounds "7"]
[EventCountry "DEN"]

1. e4 d6 2. d3 Nf6 3. Nc3 Nbd7 4. Nf3 e5 5. Be2 Be7 6. O-O c6 7. b3 O-O 8. Bb2
Qc7 9. Qd2 b5 10. a3 Nb6 11. d4 exd4 12. Nxd4 Re8 13. b4 Bf8 14. Rfe1 Bb7 15.
Bf3 a6 16. Nf5 Nc4 17. Qc1 g6 18. Ng3 Bg7 19. Rb1 Nxb2 20. Rxb2 Nd7 21. Qd2 Nb6
22. Be2 Bxc3 23. Qxc3 Na4 24. Qb3 Nxb2 25. Qxb2 c5 26. Bf3 cxb4 27. axb4 Rac8
28. Bd1 d5 29. e5 Re6 30. Qd4 Rce8 31. f4 f6 32. Bg4 R6e7 33. e6 Kg7 34. f5
Qxc2 35. fxg6 hxg6 36. Bh5 Rxe6 37. Rf1 Qc4 38. Qd2 Re3 39. Bf3 R8e7 40. h3 Qc7
41. Qf2 d4 42. Bxb7 Qxb7 43. Kh2 Qc6 44. Qg1 Qd6 45. Qf2 R7e5 46. Qf4 Re6 47.
Qf2 Qxb4 48. Qf4 Qd6 49. Qf2 d3 50. Rd1 Re2 51. Qa7+ Kh6 52. Rd2 Rxd2 53. Qg1
Ree2 54. Qc1 Rxg2+ 0-1

[Event "Koege Lang Sommer Weekend 2020"]
[Site "Koge"]
[Date "2020.07.22"]
[Round "1"]
[White "Knudsen, Martin Mosgaard"]
[Black "Li, Nikolaj"]
[Result "1/2-1/2"]
[WhiteElo "1681"]
[BlackElo "1096"]
[EventDate "2020.07.??"]
[EventType "swiss"]
[EventRounds "7"]
[EventCountry "DEN"]

1. d4 d5 2. Bf4 Nc6 3. e3 Bf5 4. c4 e6 5. a3 Nf6 6. Nc3 a6 7. Nf3 h6 8. Rc1 Bd6
9. Ne5 Bxe5 10. dxe5 Ne4 11. cxd5 Nxc3 12. Rxc3 exd5 13. Bd3 Bxd3 14. Rxd3 Ne7
15. e4 c6 16. O-O O-O 17. Re1 f5 18. exd5 Nxd5 19. Qh5 Nxf4 20. Rxd8 Nxh5 21.
Rd7 b5 22. g3 f4 23. g4 Nf6 24. exf6 Rxf6 25. Ree7 Rg6 26. h3 h5 27. f3 Rf8 28.
Kf2 hxg4 29. hxg4 Rff6 1/2-1/2

[Event "Koege Lang Sommer Weekend 2020"]
[Site "Koge"]
[Date "2020.07.22"]
[Round "1"]
[White "Derlich, Christian"]
[Black "Andersen, Daniel"]
[Result "0-1"]
[WhiteElo "879"]
[BlackElo "1747"]
[EventDate "2020.07.??"]
[EventType "swiss"]
[EventRounds "7"]
[EventCountry "DEN"]

1. d4 Nf6 2. c4 g6 3. Nc3 d5 4. e3 Bg7 5. Nf3 O-O 6. Bd3 dxc4 7. Bxc4 c5 8. O-O
Nc6 9. d5 Na5 10. b3 Ne4 11. Nxe4 Bxa1 12. Bd2 Bg7 13. Bc3 Bxc3 14. Nxc3 a6 15.
Ne1 b5 16. Be2 e6 17. Bf3 exd5 18. Bxd5 Bb7 19. Bxb7 Qxd1 20. Nxd1 Nxb7 21. Nc3
Rfd8 22. Nf3 Rac8 23. Rc1 c4 24. b4 Rd3 25. Ne5 Rd2 26. a3 Rcd8 27. h3 Rb2 28.
Nf3 Rb3 29. Nb1 Rc8 30. Nd4 Rb2 31. Nc3 Nd8 32. Nd1 Ra2 33. Nc2 Nc6 34. Nc3 Rb2
35. Nd5 Rd8 36. Nc7 Rd2 37. Nd4 Nxd4 38. exd4 Ra2 39. Nxa6 Rxa3 40. Nc5 Rxd4
41. f3 Rd2 42. Ne4 Rb2 43. Nc3 Rxb4 44. Nd5 Rb2 45. Nc3 Rab3 46. Kf1 b4 47. Nd1
Rb1 48. Rxb1 Rxb1 49. Ke2 Rxd1 50. Kxd1 f5 51. f4 Kf7 52. Kd2 Ke6 53. Ke3 Kd5
54. Ke2 Ke4 55. g3 b3 0-1

[Event "Koege Lang Sommer Weekend 2020"]
[Site "Koge"]
[Date "2020.07.22"]
[Round "1"]
[White "Borg, Flemming"]
[Black "Jensen, William Gronn"]
[Result "1-0"]
[WhiteElo "1665"]
[BlackElo "877"]
[EventDate "2020.07.??"]
[EventType "swiss"]
[EventRounds "7"]
[EventCountry "DEN"]

1. e4 e5 2. Bc4 Nf6 3. d3 Nc6 4. c3 Bc5 5. Nf3 d5 6. exd5 Nxd5 7. b4 Bb6 8. b5
Nce7 9. Nxe5 Bf5 10. O-O O-O 11. d4 Bxb1 12. Rxb1 f6 13. Nf3 Kh8 14. Qd3 g6 15.
Bh6 Re8 16. Rfe1 Qd6 17. Bb3 Ba5 18. Bd2 Rad8 19. Re4 Kg7 20. Rbe1 Rd7 21. Re6
Nf4 22. Qc2 Qxe6 23. Bxe6 Nxe6 24. Rxe6 Rd5 25. Qe4 1-0

[Event "Koege Lang Sommer Weekend 2020"]
[Site "Koge"]
[Date "2020.07.23"]
[Round "2"]
[White "Thomasson, Staffan"]
[Black "Hoi, Carsten"]
[Result "0-1"]
[WhiteElo "1900"]
[BlackElo "2335"]
[EventDate "2020.07.??"]
[EventType "swiss"]
[EventRounds "7"]
[EventCountry "DEN"]

1. b3 e5 2. Bb2 d6 3. g3 Nc6 4. Bg2 g6 5. f4 Bg7 6. Nf3 Nf6 7. fxe5 Ng4 8. O-O
O-O 9. Na3 dxe5 10. e4 Be6 11. Qe2 Nd4 12. Nxd4 exd4 13. Qb5 Rb8 14. Nc4 a6 15.
Qb4 b6 16. a4 c5 17. Qa3 a5 18. Rae1 h5 19. h3 Ne5 20. d3 Qd7 21. Kh2 Nxc4 22.
bxc4 Be5 23. Bc1 h4 24. Bf4 hxg3+ 25. Kxg3 Qd6 26. Qc1 g5 27. Bxe5 Qxe5+ 28.
Kf2 f6 29. Qd1 Kg7 30. Qf3 Bd7 31. Ra1 f5 32. Kg1 f4 33. Rfb1 Rh8 34. Rb2 Rh6
35. Rbb1 Rbh8 36. Kf1 Rg6 37. Ke1 g4 38. hxg4 Bxg4 39. Qf1 f3 40. Bh1 f2+ 0-1

[Event "Koege Lang Sommer Weekend 2020"]
[Site "Koge"]
[Date "2020.07.23"]
[Round "2"]
[White "Nilsson, Anders"]
[Black "Moller, Arne Vagn"]
[Result "1-0"]
[WhiteElo "2227"]
[BlackElo "1893"]
[EventDate "2020.07.??"]
[EventType "swiss"]
[EventRounds "7"]
[EventCountry "DEN"]

1. d4 Nf6 2. Bf4 e6 3. e3 d5 4. Nd2 Be7 5. Bd3 Nbd7 6. Ngf3 b6 7. Ne5 Bb7 8.
Bb5 O-O 9. Nc6 Bxc6 10. Bxc6 Rb8 11. O-O Bd6 12. Bg5 h6 13. Bh4 Be7 14. c4 dxc4
15. Nxc4 b5 16. Na5 Rb6 17. Bf3 Nb8 18. Rc1 Qd7 19. Qc2 Ne8 20. Bxe7 Qxe7 21.
Qc5 Qf6 22. b4 Na6 23. Qc3 Nd6 24. a3 Re8 25. Bc6 Rd8 26. Bf3 Re8 27. Bc6 Rd8
28. Qb2 Nc4 29. Nxc4 Rxc6 30. Ne5 Rxc1 31. Rxc1 Qg5 32. g3 f6 33. h4 Qh5 34.
Nc6 Rd7 35. Qb3 Qf7 36. Nxa7 Rd5 37. Nc6 Kh8 38. a4 Qd7 39. axb5 Rxb5 40. Qa4
Rb6 41. b5 Nb8 42. Qc4 Nxc6 43. bxc6 Qd6 44. Qa4 Kh7 45. Qc2+ Kh8 46. Qg6 Qe7
47. Ra1 Rb8 48. Qe4 Qd6 49. Kg2 f5 50. Qf3 Rb6 51. Rc1 Ra6 52. Rc5 Rb6 53. Kh2
Rb2 54. Kg2 Rb6 55. Qh5 Qe7 56. Qg6 Qd6 57. Qe8+ Kh7 58. Qd7 Rb8 59. Qxd6 cxd6
60. c7 Rc8 61. Rc6 Kg6 62. Rxd6 Rxc7 63. Rxe6+ Kf7 64. Ra6 1-0

[Event "Koege Lang Sommer Weekend 2020"]
[Site "Koge"]
[Date "2020.07.23"]
[Round "2"]
[White "Koch Mueller, Oscar"]
[Black "Pedersen, Henrik Dahl"]
[Result "0-1"]
[WhiteElo "1939"]
[BlackElo "2225"]
[EventDate "2020.07.??"]
[EventType "swiss"]
[EventRounds "7"]
[EventCountry "DEN"]

1. d4 e6 2. c4 Nf6 3. Nc3 Bb4 4. e3 b6 5. Nge2 Bb7 6. a3 Be7 7. d5 O-O 8. e4
exd5 9. exd5 Re8 10. g3 Ng4 11. Bg2 Bc5 12. O-O Ba6 13. Nb5 Bxb5 14. cxb5 Qf6
15. Qe1 Qe5 16. Bf3 Qh5 17. h4 Qg6 18. b4 Ne5 19. Bg2 Nd3 20. Qd2 Bxf2+ 21.
Rxf2 Nxf2 22. Kxf2 Qf6+ 23. Qf4 Qxa1 24. Qxc7 d6 25. Qxd6 Nd7 26. Qxd7 Rad8 27.
Qxa7 Rxe2+ 28. Kxe2 Qxc1 29. Qxb6 Re8+ 30. Kf3 Qd1+ 31. Kf4 Qd2+ 32. Kf3 Qe2+
33. Kf4 Qxg2 34. Qd4 Qf1+ 35. Kg4 Qe2+ 36. Kf4 h5 37. Kf5 g6+ 38. Kg5 Kh7 39.
Qf4 Re5+ 40. Kf6 Rxd5 0-1

[Event "Koege Lang Sommer Weekend 2020"]
[Site "Koge"]
[Date "2020.07.23"]
[Round "2"]
[White "Kistrup, Nicolai"]
[Black "Leonhardsen, Vebjorn Maanum"]
[Result "1-0"]
[WhiteElo "2170"]
[BlackElo "1836"]
[EventDate "2020.07.??"]
[EventType "swiss"]
[EventRounds "7"]
[EventCountry "DEN"]

1. d4 d5 2. c4 c6 3. Nf3 Nf6 4. e3 a6 5. Nc3 b5 6. b3 Bg4 7. a4 b4 8. Ne2 Bxf3
9. gxf3 a5 10. Bg2 e6 11. e4 Be7 12. e5 Nfd7 13. f4 g6 14. Be3 Na6 15. Rc1 Qb6
16. O-O O-O 17. Ng3 Rac8 18. Qg4 Kh8 19. h4 Qd8 20. h5 dxc4 21. bxc4 Nb6 22.
hxg6 hxg6 23. Be4 Rg8 24. Kg2 Kg7 25. f5 exf5 26. Nxf5+ Kf8 27. d5 Bc5 28. Bh6+
Ke8 29. Ng7+ Rxg7 30. Bxg7 cxd5 31. Rh1 1-0